000 01187nam a22002417a 4500
001 3590
003 FISKH
005 20240321145225.0
008 240321b cb ||||| |||| 00| 0 eng d
040 _aFISK
_beng
_cFISK
_dFISK
050 _aPS1449.C85
082 _a813.4
100 _aCrane Stephen
_d1871-1900
245 _aThe red badge of courage /
_cStephen Crane
260 _aLondon :
_bBritish Library,
_c2011
300 _a188 pages :
_c18 cm
505 _aQ
520 _aClassic Literature. Fiction. Hailed as one of American literature's most influential works, The Red Badge of Courage has a young recruit facing the trials and cruelties of war. Stephen Crane's 1895 novel is set in the American Civil War. Private Henry Fleming flees from battle and his battalion, considering all lost. Stumbling upon injured soldiers, he feels the shame of deserting and of not possessing the "red badge of courage", the wounds of war. But later when Henry rejoins his regiment and is ordered into a hopeless battle, he finds a chance to finally prove his courage as a man.
521 8 _a900
_bLexile
700 _aStephen Crane
942 _2ddc
_cBK
_n0
999 _c3590
_d3590